000 00730nas a2200241 4500
001 BR2015006661
003 BR-BrBNA
005 20231205125929.0
007 ta
008 230509b bl.|||p| |||| 00| 00por d
040 _aBR-BrBNA
_bpor
_cBiblioteca Nacional de Agricultura
041 _a(En)
072 _aF63
100 1 _aSilva, A.L.G. da
100 1 _aPinheiro, M.C.B.
245 1 _aReproductive success of flour species of Eugenia L. (Myrtaceae)
650 _aEUGENIA
650 _aMYRTACEAE
650 _aREPRODUÇÃO VEGETAL
773 0 _tActa Botanica Brasilica (Brazil)
_xISSN 0102-3306
_g(Apr- Jun 2009), v. 23(2) p. 526-534
_wBR2015006661
909 _a202311
_bLúcia
_c55
_dLúcia Elande
942 _2AGRIS
_n0
_cANA
999 _c246951
_d246951